Efficient capital markets and accounting : a critical analysis /

Сохранить в:
Библиографические подробности
Главный автор: Dyckman, Thomas R. (Thomas Richard)
Другие авторы: Morse, Dale, 1947-, Downes, David H., Magee, Robert P.
Формат:
Язык:English
Опубликовано: Englewood Cliffs, N.J. : Prentice-Hall, c1986.
Редактирование:2nd ed.
Серии:Contemporary topics in accounting series.
Предметы:
LEADER 01586nam a2200385 a 4500
001 c000185829
003 CARM
005 20050830151346.0
008 850102s1986 njua b 001 0 eng
019 1 |a 22461149  |z 3709115  |z 45178058  |5 LACONCORD2021 
020 |a 0132469928 (pbk.) 
035 |a (OCoLC)11599216  |5 LACONCORD2021 
040 |a LC  |b eng  |c LC  |d XNTU 
043 |a n-us--- 
050 0 0 |a HG4915  |b .D95 1986 
082 1 4 |a 658.1/52  |2 19 
100 1 |a Dyckman, Thomas R.  |q (Thomas Richard) 
245 1 0 |a Efficient capital markets and accounting :  |b a critical analysis /  |c Thomas R. Dyckman, Dale Morse. 
250 |a 2nd ed. 
260 |a Englewood Cliffs, N.J. :  |b Prentice-Hall,  |c c1986. 
300 |a xiv, 129 p. :  |b ill. ;  |c 23 cm. 
490 1 |a Prentice-Hall contemporary topics in accounting series 
500 |a 1st ed. by Thomas R. Dyckman, David H. Downes and Robert P. Magee. 
500 |a Includes index. 
504 |a Bibliography: p. 92-105. 
650 0 |a Efficient market theory. 
650 0 |a Stocks  |x Prices  |z United States. 
650 0 |a Corporations  |z United States  |x Accounting. 
700 1 |a Morse, Dale,  |d 1947- 
700 1 |a Downes, David H.  |t Efficient capital markets and accounting. 
700 1 |a Magee, Robert P.  |t Efficient capital markets and accounting. 
830 0 |a Contemporary topics in accounting series. 
852 8 |b CARM  |h A2:AL25A0  |i B05582  |p 0258198  |f BK 
999 f f |i 74c8f53e-a6c8-5c5b-9f91-262f764fe388  |s 0c863bd8-3e38-5c03-b478-b34cee3e28a1 
952 f f |p Can circulate  |a CAVAL  |b CAVAL  |c CAVAL  |d CARM 1 Store  |e B05582  |f A2:AL25A0  |h Other scheme  |i book  |m 0258198